La divina comedia y la vida nueva (Record no. 209839)

MARC details
000 -CABECERA
campo de control de longitud fija 00758cam a22002417a 4500
003 - IDENTIFICADOR DEL NÚMERO DE CONTROL
campo de control MX-MxUPN
005 - FECHA Y HORA DE LA ÚLTIMA TRANSACCIÓN
campo de control 20240529063622.0
008 - ELEMENTOS DE LONGITUD FIJA--INFORMACIÓN GENERAL
campo de control de longitud fija 230619s2018 mx| |||| |||| 000 0 spa d
020 ## - NÚMERO INTERNACIONAL NORMALIZADO PARA LIBROS
Número Internacional Estándar del Libro 978970076536
040 ## - FUENTE DE LA CATALOGACIÓN
Centro catalogador/agencia de origen MX-MxUPN
Lengua de catalogación spa
050 ## - SIGNATURA TOPOGRÁFICA DE LA BIBLIOTECA DEL CONGRESO
Número de clasificación PQ4318
Número de documento/Ítem M66 2018
100 0# - ASIENTO PRINCIPAL--NOMBRE PERSONAL
Nombre de persona Dante Alighieri,
Fechas asociadas al nombre 1265-1321
9 (RLIN) 28064
245 ## - MENCIÓN DE TÍTULO
Título La divina comedia y la vida nueva
250 ## - MENCIÓN DE EDICIÓN
Mención de edición Trigesimoquinta edición
260 ## - PUBLICACIÓN, DISTRIBUCIÓN, ETC.
Lugar de publicación, distribución, etc. México :
Nombre del editor, distribuidor, etc. Porrúa,
Fecha de publicación, distribución, etc. 2018
300 ## - DESCRIPCIÓN FÍSICA
Extensión 394 páginas
490 ## - MENCIÓN DE SERIE
Mención de serie Sepan cuantos ;
Designación de volumen o secuencia 15
500 ## - NOTA GENERAL
Nota general Reposición.
650 #4 - ASIENTO SECUNDARIO DE MATERIA - TERMINO TEMATICO
Término de materia o nombre geográfico como elemento de entrada Poesía italiana
Subdivisión cronológica Siglo XIV
9 (RLIN) 1266
700 1# - ASIENTO SECUNDARIO--NOMBRE DE PERSONAL
9 (RLIN) 29641
Nombre de persona Montes de Oca, Francisco,
Fechas asociadas al nombre 1837-1885
Término indicativo de función/relación introducción
-- comentario
902 ## - ELEMENTOS DE DATOS B LOCAL, LDB (RLIN)
Creó MarisolLicea/190623
Modificó VíctorGodínez/060224
942 ## - ELEMENTOS DE PUNTO DE ACCESO ADICIONAL (KOHA)
Fuente del sistema de clasificación o colocación Library of Congress Classification
Tipo de ítem Koha Libro
Holdings
Estado de retiro Estado de pérdida Fuente del sistema de clasificación o colocación Estado dañado No para préstamo Código de colección Localización permanente Ubicación/localización actual Ubicación en estantería Fecha de adquisición Clasificación Código de barras Fecha visto por última vez Tipo de ítem Koha
    Library of Congress Classification     Colección General Bib. Gregorio Torres Quintero Bib. Gregorio Torres Quintero Planta baja 19/06/2023 PQ4318 M66 2018 336690 19/06/2023 Libro